00850 2200301 4500001002100000005001500021035002000036007000300056008004100059020001800100100002700118245005700145250001200202300004100214264003000255336002100285337003000306338002300336082001400359084002000373650002500393650003100418650002300449650003100472520001800503990001300521990001400534INLIS00000000003900420220520021739 a0010-1121000107ta220520 0 ind a97897929661760 aAbdul KadirePengarang1 aBelajar Sendiri Pasti Bisa :bArduino /cAbdul Kadir aedisi 1 avi,282 halaman :bilustrasi ;c23 cm aYogyakarta :bANDI,c2018 2rdacontentaTeks 2rdamediaaTanpa Perantara 2rdacarrieraVolume a621.381 5 a621.381 5 ABD b 4aRangkaian elektronik 4aArduino (program komputer) 4aElectronic Circuit 4aArduino (Computer Program) a(termasuk CD) a21/00191 a21/D 3562